1943 (el año del fuego). (Record no. 157609)

MARC details
000 -CABECERA
campo de control de longitud fija 00661cam a22002534a 4500
003 - IDENTIFICADOR DEL NÚMERO DE CONTROL
campo de control UPN
005 - FECHA Y HORA DE LA ÚLTIMA TRANSACCIÓN
campo de control 20230602063753.0
008 - ELEMENTOS DE LONGITUD FIJA--INFORMACIÓN GENERAL
campo de control de longitud fija 120627s2006 mx r 000 f spa d
020 ## - NÚMERO INTERNACIONAL NORMALIZADO PARA LIBROS
Número Internacional Estándar del Libro 9707102373
035 ## - NÚMERO DE CONTROL DEL SISTEMA
Número de control de sistema UPN01000185506
040 ## - FUENTE DE LA CATALOGACIÓN
Centro catalogador/agencia de origen UPN
Lengua de catalogación spa
Centro/agencia transcriptor UPN
049 ## - COLECCIÓN
Colección CG
050 #4 - SIGNATURA TOPOGRÁFICA DE LA BIBLIOTECA DEL CONGRESO
Número de clasificación PQ7298.423 A7.8
Número de documento/Ítem M5
100 1# - ASIENTO PRINCIPAL--NOMBRE PERSONAL
Nombre de persona Martín del Campo, David,
Fechas asociadas al nombre 1952-
9 (RLIN) 32483
245 10 - MENCIÓN DE TÍTULO
Título 1943 (el año del fuego).
260 ## - PUBLICACIÓN, DISTRIBUCIÓN, ETC.
Lugar de publicación, distribución, etc. México :
Nombre del editor, distribuidor, etc. Ediciones B,
Fecha de publicación, distribución, etc. 2006.
300 ## - DESCRIPCIÓN FÍSICA
Extensión 299 páginas
490 0# - MENCIÓN DE SERIE
Mención de serie Byblos narrativa
650 #4 - ASIENTO SECUNDARIO DE MATERIA - TERMINO TEMATICO
Término de materia o nombre geográfico como elemento de entrada Novela mexicana
9 (RLIN) 4557
902 ## - ELEMENTOS DE DATOS B LOCAL, LDB (RLIN)
Modificó Carolina Alvarado/200922/M
905 ## - TIPO DE MATERIAL
Tipo de material Libro
942 ## - ELEMENTOS DE PUNTO DE ACCESO ADICIONAL (KOHA)
Fuente del sistema de clasificación o colocación Library of Congress Classification
Tipo de ítem Koha Libro
Holdings
Estado de retiro Estado de pérdida Fuente del sistema de clasificación o colocación Estado dañado No para préstamo Código de colección Localización permanente Ubicación/localización actual Ubicación en estantería Fecha de adquisición Total de préstamos Clasificación Código de barras Fecha visto por última vez Tipo de ítem Koha Número de copia Precio válido a partir de
    Library of Congress Classification     Colección General Bib. Gregorio Torres Quintero Bib. Gregorio Torres Quintero Planta baja 09/09/2022 1 PQ7298.423 A7.8 M5 257340 31/12/2020 Libro    
    Library of Congress Classification     Colección General Bib. Gregorio Torres Quintero Bib. Gregorio Torres Quintero Planta baja 09/09/2022   PQ7298.423 A7.8 M5 AP818 09/09/2022 Libro Ej.2 09/09/2022